The horizon studies in Egyptology : in honour of M.A. Nur el-Din (10-12 April 2007) /

محفوظ في:

مؤلفون آخرون: Nur El-Din, Abdel Halim., El-Sharkawy, Basem Samir.

التنسيق: كتاب

اللغة: English

منشور في: [Cairo, Egypt] : Supreme Council of Antiquities Press, 2009.

الموضوعات:

الوسوم: إضافة وسم

لا توجد وسوم, كن أول من يضع وسما على هذه التسجيلة!

رقم الطلب: DT60 .N81 v.1-3

LEADER 00877namaa2200265 4500
001 23196
003 OSt
005 20250623083312.0
008 130303m20099999ua ab b 001 0 eng d
020 |a 9789774794780 
040 |c ARCE Library 
043 |a f-ua--- 
050 4 |a DT60 .N81 v.1-3 
245 0 4 |a The horizon studies in Egyptology :   |b in honour of M.A. Nur el-Din (10-12 April 2007) /   |c ed. by Basem Samir El-Sharkawy. 
264 1 |a [Cairo, Egypt] :   |b Supreme Council of Antiquities Press,   |c 2009. 
300 |a 3 volumes :   |b illustrations, maps ;   |c 30 cm. 
504 |a Includes bibliographical references and index. 
650 0 |a Egyptology   |x History. 
651 0 |a Egypt  |x Antiquities. 
651 0 |a Egypt  |x History, Ancient. 
700 1 |a Nur El-Din, Abdel Halim. 
700 1 |a El-Sharkawy, Basem Samir. 
901 |a reviewed 
942 |c BK  |2 lcc 
999 |c 20382  |d 20382